| 000 | 00602nam a22001817a 4500 | ||
|---|---|---|---|
| 003 | OSt | ||
| 005 | 20251023070248.0 | ||
| 008 | 251023b |||||||| |||| 00| 0 eng d | ||
| 040 |
_aDWCL - Main Lib _cOC |
||
| 082 | _aProf. 158.1 D998s 2018 | ||
| 100 | _aDy, Nelson | ||
| 245 |
_aSoaring High : _bYour Flight plan for Your Best Career ever! / _cNelson Dy |
||
| 260 |
_aMakati City, Philippines : _b Cross Over Books, _cc2018. |
||
| 300 |
_a198 pages : _b illustrations ; _c18cm. |
||
| 650 | _a1. Applied Psychology | ||
| 650 | _a2. Personal success and self - help | ||
| 942 |
_2ddc _cPROF. _mProf. _n0 |
||
| 999 |
_c5058 _d5058 |
||